| 000 | 00966cam a2200325 4500 | ||
|---|---|---|---|
| 001 | 4688075 | ||
| 003 | ARRUPE | ||
| 005 | 20160913093243.0 | ||
| 008 | 730503s1972 enkb b 001 0 eng | ||
| 010 | _a73154618 | ||
| 020 | _a0140410317 | ||
| 035 | _a(OCoLC)ocm00632725 | ||
| 035 | _a(NNC)4688075 | ||
| 040 |
_aDLC _cDLC _dEL$ |
||
| 043 |
_ae-po--- _af------ _an-us--- |
||
| 050 | 0 | 0 |
_aDT36 _b.M56 |
| 098 | _aMX12 | ||
| 100 | 1 |
_aMinter, William, _d1942- _925631 |
|
| 245 | 1 | 0 | _aPortuguese Africa and the West. |
| 260 |
_aHarmondsworth, _bPenguin, _c1972. |
||
| 300 |
_a176 p. _bmaps. _c19 cm. |
||
| 490 | 1 | _aPenguin African library | |
| 504 | _aBibliography: p. 163-167. | ||
| 651 | 0 |
_aAfrica, Portuguese-speaking _xRelations _zUnited States. _925632 |
|
| 651 | 0 |
_aPortugal _xRelations _zUnited States. _925633 |
|
| 651 | 0 |
_aAfrica, Portuguese-speaking. _925634 |
|
| 830 | 0 |
_aPenguin African library. _925635 |
|
| 942 |
_2lcc _cMONOGRAPH |
||
| 999 |
_c125198 _d125198 |
||